Normal view
MARC view
Entry Topical Term
001 - CONTROL NUMBER
- control field: 36628
003 - CONTROL NUMBER IDENTIFIER
- control field: OSt
005 - DATE AND TIME OF LATEST TRANSACTION
- control field: 20230524203914.0
008 - FIXED-LENGTH DATA ELEMENTS
- fixed length control field: 230524|| aca||aabn | a|a d
040 ## - CATALOGING SOURCE
- Original cataloging agency: OSt
- Transcribing agency: OSt
150 ## - HEADING--TOPICAL TERM
- Topical term or geographic name entry element: Personality Development
670 ## - SOURCE DATA FOUND
- Source citation: Work cat.: (OSt)50672: Alan Cohen 36627, 365 Recipes That will make you Think Positive
